000 00865nam a22002417a 4500
005 20250602163635.0
010 _aENG-145152
020 _a9789392568633
_c2099.00
035 _aEN-128684
037 _bDBAD
082 _a332.1
_21
100 _aR. Vijaya Lakshmi
_981550
245 _aPublic and Private Sector Bank Employee Engagement Practices:
_bA Study Conducted in Chhattisgarh
_cR. Vijaya Lakshmi...[et.al]
250 _a1
260 _aChhattisgrah
_bAditi Publication
_c2024
270 _a Opp. New Panchajanya Vidya Mandir, Near Tiranga Chowk, Kushalpur,Raipur
_bChhattisgrah
_k+91 9425210308
300 _a138p.
_c20cm(pb)
700 _aChandra, Ashok Kumar
_eAuthor
_981551
700 _aSoma, Mahesh Kumar
_eAuthor
_981552
700 _aRao, G.V.V Jagannadha
_eAuthor
_981553
760 _b1
942 _2ddc
_cEN
_h332.1
_mRVI
_e1
999 _c211512
_d211512